Methods of modern mathematical physics. Vol.1 Functional analysis

Đã lưu trong:
书目详细资料
主要作者: Barry Simon
格式: 图书
语言:Undetermined
出版: San Diego, California Academic Press 1972
主题:
标签: 添加标签
没有标签, 成为第一个标记此记录!
Thư viện lưu trữ: Trung tâm Học liệu Trường Đại học Cần Thơ
LEADER 00578nam a2200205Ia 4500
001 CTU_22647
008 210402s9999 xx 000 0 und d
020 |b 195 
082 |a 530.15 
082 |b R325/Vol.1 
100 |a Barry Simon 
245 0 |a Methods of modern mathematical physics. Vol.1 
245 0 |b Functional analysis 
245 0 |c Barry Simon, Michael Reed 
260 |a San Diego, California 
260 |b Academic Press 
260 |c 1972 
650 |a mathematical physics 
904 |i Minh, 980525 
980 |a Trung tâm Học liệu Trường Đại học Cần Thơ